00429nam a2200157Ia 4500008004100000040001900041041001200060082004100072100001600113245003500129260002900164300002000193504001900213650002100232850001800253131103s9999 xx 000 0 und d aLoreto College aEnglish a880/GRAbLCLIB/14372(WITHDRAWN 2010) aGraves, R.  aGreek gods & heroescR. Graves a[S.l]b[s.n.]c[19- - ?] a125p. c 16c.m. aIncludes index aGreek literature aLCLIB/880/GRA